Départements, préfectures et sous-préfectures avec une seule voyelle - Statistiques

Statistiques générales
  • Ce quiz a été pris 177 fois
    152 depuis la dernière actualisation
  • Le résultat moyen est 10 sur 16
Statistiques - réponses
Hint Réponse % Correct
Département Var
86%
Département Lot
84%
Département Tarn
84%
Département Gard
78%
Département Nord
76%
Département Cher
70%
Département Gers
69%
Préfecture Gap
63%
Sous-préfecture Dax
57%
Préfecture Metz
50%
Sous-préfecture Apt
47%
Sous-préfecture Thann
44%
Sous-préfecture Brest
43%
Sous-préfecture Gex
41%
Sous-préfecture Lens
39%
Sous-préfecture Sens
24%
Aucun quiz correspondant
Distribution des résultats
% des personnes avec chaque résultat
Percentile par nombre de réponses
Votre historique - résultats
Vous n’avez pas pris ce quiz depuis la dernière actualisation